| 000 | 00708nam a2200205Ia 4500 | ||
|---|---|---|---|
| 003 | GCL | ||
| 008 | 140319s9999 xx 000 0 ara d | ||
| 040 |
_aGCL / _cGCL |
||
| 082 | 0 | 4 |
_a791.43 _bص م |
| 245 | 1 | 0 | _aالمهرجان القومى الحادى عشر للسينما المصرية |
| 250 | _aالاولى | ||
| 260 |
_aالقاهرة : _bوزارة الثقافة - صندوق التنمية الثقافية ، _c2005 |
||
| 300 |
_a151ص ؛ _c25سم |
||
| 650 | 0 | 4 | _aالافلام السينمائية |
| 650 | 0 | 4 | _aالسينما |
| 650 | 0 | 4 | _aالاخراج السينمائى |
| 650 | 0 | 4 | _aالسينمائيون المصريون |
| 650 | 0 | 4 | _aالسينما - مصر |
| 942 |
_2ddc _cBK |
||
| 999 |
_c7812 _d7812 |
||